00330nam a2200121Ia 4500008004100000041000800041082001500049100001300064245004500077260005100122300002400173365001100197240624s9999 xx 000 0 und d aeng a344.01 PUR aPURI S D aGUIDE TO THE PAYMENT OF GRATUITY ACT 197 c2008aMumbaibSnow White Publication Pvt. Ltd. a720 : p. : cm. ; 26 cRSb15